Scuderie F1 2017 - Statistics

Statistiche generali
  • Questo quiz è stato fatto 336 volte
  • Il punteggio medio è 8 su 10
Statistiche sulle risposte
Risposta % Corretto
Scuderia Ferrari
100%
Mercedes AMG Petronas
96%
Red Bull Racing
95%
Scuderia Toro Rosso
81%
McLaren Honda
80%
Williams Martini Racing
76%
Renault Sport
74%
Haas
69%
Sahara Force India
64%
Sauber
58%
Nessun quiz corrispondente trovato
Distribuzione punteggi
Percentuale di utenti per punteggio
Percentile per numero di risposta
I tuoi punteggi nel tempo
Non hai fatto questo quiz